2019-2020 Los Angeles Chargers Current Roster - Statistics

General Stats
  • This quiz has been taken 170 times
  • The average score is 16 of 37
Answer Stats
Hint Answer % Correct
WR Keenan Allen
91%
QB Phillip Rivers
91%
WR Mike Williams
83%
RB Austin Ekeler
81%
DE Joey Bosa
78%
SS Derwin James
76%
CB Trevor Williams
74%
QB Tyrod Taylor
73%
TE Hunter Henry
65%
DE Melvin Ingram
65%
CB Casey Hayward
55%
Coach Anthony Lynn
53%
RB Justin Jackson
50%
CB Desmond King
44%
K Mike Badgley
42%
LB Denzel Perryman
40%
TE Virgil Green
39%
WR Travis Benjamin
38%
CB Michael Davis
36%
OL Mike Pouncey
35%
LB Thomas Davis
35%
P Ty Long
35%
QB Cardale Jones
32%
DT Justin Jones
32%
OL Russell Okung
31%
DT Jerry Tillery
25%
RB Melvin Gordan
24%
OL Sam Tevi
21%
OL Dan Feeney
20%
DT Brandon Mebane
19%
FS Rayshawn Jenkins
19%
LB Uchenna Nwosu
19%
OL Michael Schofield
16%
WR Andre Patton
12%
LS Mike Windt
9%
TE Sean Culkin
9%
KR Detrez Newsome
7%
No matching quizzes found
Score Distribution
Percent of People with Each Score
Percentile by Number Answered
Your Score History
You have not taken this quiz